[Event "Brugse Meesters 2017"]
[Site "Brugge"]
[Date "2017.08.14"]
[Round "4"]
[White "Dardha, Daniel"]
[Black "Somerfield, Adrian P"]
[Result "1-0"]
[WhiteElo "2218"]
[BlackElo "2081"]
[Annotator "NA"]
[PlyCount "95"]
[EventDate "2017.??.??"]
[EventCountry "BEL"]
[SourceTitle "playchess.com"]
[Source "ChessBase"]
[SourceQuality "1"]
[TimeControl "5400+30"]

1. d4 Nf6 2. Nf3 e6 3. c4 d5 4. g3 Be7 5. Bg2 O-O 6. O-O Nbd7 7. Nc3 c6 8. Nd2 b6 {E07: Closed Catalan: Main Line (5 Nf3 0-0 6 0-0 Nbd7)} (8... b5 $5) 9. e4 Bb7 (9... dxc4 10. Nxc4 Ba6 11. b3 b5 12. Ne3 b4 13. Ne2 Nb6 14. Bb2 c5 15. d5 Ne8 16. Re1 exd5 17. exd5 {1-0 (49) Wang,H (2717)-Shomoev,A (2561) Ho Chi Minh City 2016}) 10. e5 Ne8 11. cxd5 cxd5 12. f4 {LiveBook: 3 Games} g6 13. h3 $146 ({Predecessor:} 13. g4 Ng7 14. Rf2 f5 15. exf6 Nxf6 16. Nc4 {1-0 (39) Javakhadze,Z (2415)-Shalamberidze,A (2399) Batumi 2015}) 13... f6 14. exf6 Bxf6 15. Nf3 Nc7 16. Be3 b5 17. Ne2 Nb6 18. b3 a5 19. Nc1 b4 20. Nd3 Ba6 21. Re1 Nd7 22. Nfe5 Nxe5 23. dxe5 Be7 24. Nc5 Rf7 25. Rc1 $14 Bxc5 26. Bxc5 Nb5 27. Qd2 Rc8 28. Bf1 Rc6 29. Bxb5 Bxb5 30. Bd6 Qb6+ 31. Qf2 Qxf2+ 32. Kxf2 g5 33. Rxc6 Bxc6 34. Rc1 Bd7 35. Ke3 gxf4+ 36. gxf4 Kg7 37. Rg1+ Kh8 38. Bc7 a4 39. Bd8 h6 40. Bf6+ Kh7 41. h4 axb3 42. axb3 Bb5 43. h5 Rc7 44. f5 exf5 45. e6 Be8 46. e7 Rd7 47. Rg7+ Kh8 48. Rf7+ 1-0

[Event "Brugse Meesters 2017"]
[Site "Brugge"]
[Date "2017.08.14"]
[Round "4"]
[White "Marzano, Carlo"]
[Black "Frayna, Janelle Mae"]
[Result "1/2-1/2"]
[WhiteElo "2158"]
[BlackElo "2248"]
[Annotator "NA"]
[PlyCount "87"]
[EventDate "2017.??.??"]
[EventCountry "BEL"]
[SourceTitle "playchess.com"]
[Source "ChessBase"]
[SourceQuality "1"]
[TimeControl "5400+30"]

{[%evp 8,87,45,22,33,-7,33,41,0,-13,-5,-11,-6,-2,-1,3,0,1,0,-12,32767,32767,32767,32767,32767,32767,32767,32767,32767,32767,-56,-64,32767,32767,-64,32767,-32,32767,32767,-30,-25,-48,-31,-30,-32,32767,-26,32767,-22,-30,-20,32767,-20,-48,-52,-43,-16,32767,32767,-30,-17,32767,32767,32767,32767,32767,32767,32767,32767,32767,-31,-25,32767,-13,-14,32767,32767,32767,32767,32767,0,-29]} 1. d4 g6 2. c4 Nf6 3. Nc3 d5 4. Nf3 Bg7 5. Bg5 Ne4 6. cxd5 ({But not} 6. Nxd5 $2 Nxg5 7. Nxg5 e6 $19) 6... Nxg5 7. Nxg5 e6 8. Qd2 exd5 9. Qe3+ Kf8 $1 10. Qf4 Bf6 11. h4 h6 12. Nf3 Kg7 13. e3 {LiveBook: 31 Games} c6 14. Bd3 Be6 15. O-O-O Nd7 16. Kb1 {D91: Grünfeld: 4 Nf3 Bg7 5 Bg5} (16. g4 Qb8 17. Rhg1 Be7 18. Qxb8 Raxb8 19. Ne2 Bd6 20. Nf4 Rbe8 21. Rg2 a6 22. Bc2 Nf6 23. Rdg1 Bc8 {½-½ (66) Wojtaszek,R (2744)-Radjabov,T (2734) Beijing 2014}) 16... Qb8 17. Qxb8 Raxb8 18. Rc1 {[#]} Be7 $146 ({Predecessor:} 18... Rhc8 19. g3 Be7 20. Rhe1 Nf6 21. Ne5 Bd6 22. f4 h5 23. Rf1 {1-0 (80) Volkov,S (2628)-Vorobiov,E (2524) chessassistantclub.com INT 2004}) 19. g3 Bd6 20. Na4 Rhe8 (20... Bg4 $5 {[%cal Rg4f3]} 21. Nh2 Bh3 $15) 21. Nc5 Bxc5 22. dxc5 Bg4 23. Nd4 Ne5 24. Rc3 Bf3 25. Nxf3 Nxf3 26. Ra3 a6 27. Ra4 Re7 (27... d4 $5 28. exd4 Rbd8 $11) 28. Rd1 Rbe8 29. Be2 Ne5 30. Rad4 Nd7 31. b4 Nf8 32. Bg4 f5 33. Bf3 Kf6 (33... a5 $5 34. a3 Rb8 $17) 34. R4d2 Ne6 35. Kb2 Rd8 36. Kc3 Red7 37. a3 Ke5 38. Re2 h5 39. Bg2 Kf6 40. Red2 Re7 41. Bf3 Ke5 42. Bg2 Kf6 43. Bf3 Ke5 44. Bg2 $11 1/2-1/2

[Event "Brugse Meesters 2017"]
[Site "Brugge"]
[Date "2017.08.15"]
[Round "5"]
[White "Epishin, Vladimir"]
[Black "Lai, Hing Ting"]
[Result "0-1"]
[WhiteElo "2541"]
[BlackElo "2388"]
[Annotator "TA"]
[PlyCount "102"]
[EventDate "2017.??.??"]
[EventCountry "BEL"]
[SourceTitle "playchess.com"]
[Source "ChessBase"]
[SourceQuality "1"]

{[%evp 16,102,-27,-34,-32,-44,-40,-63,-46,-57,-33,-71,-69,-107,-99,-94,-93,-102,-98,-107,-98,-110,-101,-104,-108,-99,-90,-84,-60,-92,-76,-114,-72,-116,-94,-91,-64,-117,-95,-130,-93,-100,-91,-116,-126,-133,-117,-117,-117,-117,-117,-115,-117,-116,-117,-172,-182,-327,-327,-327,-333,-329,-327,-326,-282,-541,-556,-556,-574,-647,-394,-411,-389,-404,-400,-418,-414,-379,-257,-683,-657,-641,-608,-1358,-1258,-12836,-6348,-12841,-12841]} 1. Nf3 Nf6 2. e3 e6 (2... d5 3. c4 e6 4. b3 Be7 5. Bb2 O-O 6. d4 b6 7. Bd3 Bb7 8. O-O Nbd7 9. Nbd2 c5 10. Rc1 Rc8 11. Qe2 cxd4 12. Nxd4 dxc4 13. Nxc4 Rc5 14. Rfd1 Qa8 15. f3 Re8 16. Ba3 Rxc4 17. Rxc4 Bxa3 18. Nb5 {1-0 (62) Nakamura,H (2785)-Karjakin,S (2781) Paris 2017}) 3. b3 Be7 4. Bb2 O-O 5. d3 d5 {[%cal Bd7d5,Bd5d4][%mdl 32]} 6. Nbd2 {A05: Réti Opening: 1 Nf3 Nf6} c5 7. g3 Nc6 8. Bg2 Qc7 9. O-O {LiveBook: 3 Games} e5 10. c4 d4 11. Qe2 h6 $146 ({Predecessor:} 11... Bd7 12. Rfe1 Rae8 13. a3 a5 14. exd4 exd4 15. Qf1 h6 16. Re2 Bf5 {0-1 (66) Karlsson,L (2472)-Graf,A (2605) Gothenburg 2005}) 12. Rae1 Be6 13. h3 Rad8 14. e4 g6 15. Bc1 Kg7 16. Kh2 Bd6 17. Rg1 Ng8 18. Nf1 Nge7 19. g4 Rh8 20. Ng3 Kf8 (20... Bc8 {with more complications.} 21. a3 Ng8 22. Qb2 Nf6 23. Rgf1 Qe7) 21. Bd2 Rb8 22. Rb1 Bd7 23. Qd1 a5 24. Qc1 Ng8 25. a3 Nd8 {[%cal Bc6d8,Bd8e6,Be6f4][%mdl 32]} 26. Ne1 (26. b4 $15) 26... Ne6 $17 27. Bf3 Nf4 28. Ne2 Ne7 29. Nxf4 exf4 30. b4 axb4 31. axb4 b6 32. Kg2 Kg7 33. Be2 g5 34. Nf3 f6 35. Qa3 (35. Kf1 $17) 35... h5 $19 36. gxh5 (36. Kf1 {was necessary.}) 36... Rxh5 37. Kf1 Bxh3+ 38. Ke1 g4 39. Nh2 f3 {[%cal Bf4f3,Bf3e2][%mdl 32]} 40. Nxg4 $2 {[#]} (40. Nxf3 Kf7 41. e5 Bxe5 42. Nxe5+ Qxe5 43. Kd1) 40... fxe2 41. bxc5 Bxc5 42. Qc1 Bxg4 43. Rxg4+ Kf7 44. Kxe2 Ng6 {[%cal Be7g6,Bg6e5,Be5d3][%mdl 32]} 45. Qg1 Rg8 46. f4 Qc8 {And now ...Nxf4+! would win.} 47. Rf1 $2 {[#]} (47. f5 Ne5 48. Rxg8 Qxg8 49. Qxg8+ Kxg8 50. Bf4) 47... Rh2+ $1 {[%mdl 512] Black is clearly winning.} 48. Ke1 (48. Qxh2 Qxg4+) 48... Rhh8 49. Rf2 Ne5 50. Rxg8 Nxd3+ 51. Ke2 Rxg8 {Precision: White = 37%, Black = 65%.} 0-1

[Event "Brugse Meesters 2017"]
[Site "Brugge"]
[Date "2017.08.15"]
[Round "5"]
[White "Dgebuadze, Alexandre"]
[Black "Vandenbussche, Thibaut"]
[Result "1/2-1/2"]
[WhiteElo "2515"]
[BlackElo "2387"]
[Annotator "TA"]
[PlyCount "67"]
[EventDate "2017.??.??"]
[EventCountry "BEL"]
[SourceTitle "playchess.com"]
[Source "ChessBase"]
[SourceQuality "1"]

{[%evp 11,67,41,19,9,10,10,24,24,26,25,18,20,36,22,7,0,0,0,0,0,24,0,13,19,38,0,25,0,35,32,83,37,37,40,37,34,77,75,92,39,34,36,35,29,171,101,117,118,109,44,79,45,80,71,60,82,83,81]} 1. e4 d6 2. d4 Nf6 3. Nc3 e5 4. Nf3 exd4 5. Nxd4 Be7 6. Bd3 Nc6 7. Nf3 {C41: Philidor Defence} (7. Nxc6 bxc6 8. O-O O-O 9. f4 d5 10. e5 Bc5+ 11. Kh1 Ng4 12. Qe1 f5 13. h3 Nh6 14. Na4 Bb6 15. b3 Qe7 16. Be3 Nf7 17. c4 {1-0 (37) Okun,L (2277)-Vezzani,S (2129) Pardubice 2015}) 7... Ne5 $146 ({Predecessor:} 7... O-O 8. Bf4 Nd7 9. Qd2 Nde5 10. Be2 a6 11. Nd5 Re8 12. O-O-O Bf8 13. h3 Be6 14. g4 Nxf3 15. Bxf3 Ne5 16. Be2 c6 17. Ne3 Qc7 18. Bg3 f6 19. h4 Rad8 20. Rdg1 Qc8 21. g5 Kh8 {½-½ (21) Diener,C (1739)-Wuestehube,H (1934) Vellmar 2012}) 8. Bf4 Nxf3+ (8... Ng6 {is more complex.} 9. Be3 Ng4 10. Bc1 O-O 11. O-O Bf6) 9. Qxf3 {White has an edge.} O-O 10. h3 Nd7 11. O-O-O Ne5 12. Bxe5 dxe5 13. Bc4 Qe8 14. Nd5 Bd8 15. Qg3 $36 {[%mdl 2048] Black is under pressure.} a5 16. Kb1 b5 17. Be2 Ra6 18. Bg4 (18. Qc3 $5 {[%cal Rd5c7]}) 18... Rg6 {Threatens to win with ...h5!} 19. Qf3 Be6 20. Ne3 Rf6 (20... Bxg4 $14 21. hxg4 h6) 21. Qe2 c6 22. Bf5 Bxf5 23. exf5 e4 24. h4 Kh8 25. Rd2 ({White should play} 25. a4 $16) 25... Bb6 26. g4 Qe5 27. Rhd1 Bc7 {[#]} (27... Bxe3 $11 28. fxe3 (28. Qxe3 h5 $14) 28... g6) 28. Rd7 (28. a4 $1 $18 {[%mdl 512]}) 28... Rd6 $16 29. R1xd6 Bxd6 {[#]} 30. Qd2 (30. a4 $1 $16) 30... Bc5 31. a3 (31. a4 $5) 31... h5 32. gxh5 {[%cal Bg4h5,Bh5h6][%mdl 32]} Bxe3 33. fxe3 Qxf5 34. h6 $1 {Precision: White = 50%, Black = 37%.} 1/2-1/2

[Event "Brugse Meesters 2017"]
[Site "Brugge"]
[Date "2017.08.15"]
[Round "5"]
[White "Van Foreest, Lucas"]
[Black "De Boer, Eelke"]
[Result "1-0"]
[WhiteElo "2467"]
[BlackElo "2190"]
[Annotator "TA"]
[PlyCount "87"]
[EventDate "2017.??.??"]
[EventCountry "BEL"]
[SourceTitle "playchess.com"]
[Source "ChessBase"]
[SourceQuality "1"]

{[%evp 21,87,105,103,72,65,0,0,0,0,-4,-14,-16,-9,-83,0,-36,0,0,0,0,7,8,26,0,50,49,124,39,51,18,61,38,62,29,70,25,70,22,56,12,84,79,523,520,486,472,533,533,527,527,464,464,644,775,779,779,743,741,725,718,1157,1070,1104,1036,1653,1597,1902,1717]} 1. d4 Nf6 2. c4 g6 3. Nc3 Bg7 4. e4 d6 5. Be2 O-O 6. Be3 e5 7. d5 Na6 8. g4 {E73: King's Indian: Averbakh Variation without 6...c5} Nc5 (8... c6 9. g5 Ne8 10. h4 f5 11. gxf6 Nxf6 12. h5 Qa5 13. hxg6 Nxe4 14. gxh7+ Kh8 15. Nf3 Nxc3 16. bxc3 cxd5 {1-0 (28) Sokolov,I (2623)-Van Foreest,J (2615) Hoogeveen 2016}) 9. f3 a5 10. h4 Ne8 11. Qd2 f5 {LiveBook: 3 Games} 12. gxf5 gxf5 13. Bg5 (13. O-O-O $14) 13... Bf6 $11 14. O-O-O f4 15. Nh3 Kh8 16. Rdg1 Ng7 $146 17. h5 (17. Bxf6 $11 Qxf6 18. Nf2) 17... Bd7 ({Black should play} 17... Nxh5 $17 {aiming for ...Ng3.} 18. Bxf6+ Nxf6) 18. Qe1 Bxg5 (18... Nxh5 $5 {[%cal Rh5g3]} 19. Qh4 Be8 $15) 19. Nxg5 h6 20. Nh3 Kh7 21. Nf2 Qe7 22. Bf1 Be8 23. Bh3 Bf7 (23... Rg8 $14) 24. Qf1 (24. Bf5+ $1 $16 Nxf5 25. exf5) 24... Rg8 $14 25. Qg2 b6 26. Bg4 Raf8 27. Qh3 Be8 28. Rg2 Na4 29. Ncd1 Nc5 30. Rhg1 Qf6 (30... Nd7 $1 $11) 31. Nc3 $16 Na4 $2 {[%mdl 8192] [#]} (31... Kh8 $16 {is more resistant.}) 32. Nxa4 $1 $18 {White is clearly winning.} Bxa4 33. Bd7 Bxd7 34. Qxd7 Qf7 35. Qxf7 Rxf7 {[#]} 36. Rg6 $1 Rh8 37. Ng4 {Threatening mate with Nf6+.} Nxh5 38. Rxh6+ Kg7 39. Nxe5+ Ng3 40. Nxf7 Rxh6 41. Nxh6 Kxh6 42. Kd2 Kg5 43. Ke1 Kh4 44. Kf2 {Precision: White = 49%, Black = 31%.} 1-0

[Event "Brugse Meesters 2017"]
[Site "Brugge"]
[Date "2017.08.15"]
[Round "5"]
[White "Geirnaert, Steven"]
[Black "Stone, Andrew M"]
[Result "1/2-1/2"]
[WhiteElo "2454"]
[BlackElo "2153"]
[Annotator "TA"]
[PlyCount "101"]
[EventDate "2017.??.??"]
[EventCountry "BEL"]
[SourceTitle "playchess.com"]
[Source "ChessBase"]
[SourceQuality "1"]

{[%evp 17,101,47,41,23,40,23,20,12,10,-21,-1,-29,0,-47,-5,-5,-5,-10,-5,-5,-12,-12,-7,-7,0,0,0,0,0,-21,-20,-20,-20,-27,-31,-36,-39,-54,-52,-73,-49,-126,0,0,0,-7,-8,-6,-6,-12,-8,-23,-14,-24,-12,-16,-8,-8,0,-4,0,0,0,0,0,0,0,0,0,0,0,0,0,-8,0,-8,8,8,8,8,8,8,8,8,8,0]} 1. d4 Nf6 2. c4 e6 3. Nc3 Bb4 4. e3 O-O 5. Bd3 d5 6. cxd5 exd5 7. Nge2 c5 8. a3 cxd4 9. axb4 dxc3 {LiveBook: 28 Games} 10. b5 {E48: Nimzo-Indian: Rubinstein: 5 Bd3 d5 including 6 Ne2, but excluding 6 a3} (10. Nxc3 Nc6 11. b5 Ne5 12. O-O Bg4 13. Be2 Re8 14. h3 Bxe2 15. Nxe2 Qd7 16. Nd4 Ne4 17. Bd2 Nc4 18. Bc3 a6 19. bxa6 Rxa6 20. Rxa6 Nxc3 21. bxc3 bxa6 {½-½ (53) Tregubov,P (2585)-Ghaem Maghami,E (2574) Doha 2016}) 10... Bg4 11. bxc3 Nbd7 12. O-O (12. f3 $5 {[%cal Rf3g4]} Bh5 13. Nd4 $11) 12... Ne5 13. Ra4 $146 ({Predecessor:} 13. f3 Bd7 14. Ba3 Re8 15. Bc5 a6 16. bxa6 bxa6 17. Bxa6 Rxa6 18. Rxa6 Qc8 {½-½ (47) Stempin,P (2400)-Sydor,A (2395) Poznan 1984}) 13... Re8 14. Ba3 (14. f3 $5 {[%cal Rf3g4]} Bd7 15. Nd4 $11) 14... Qc7 15. f3 Nxd3 (15... Bd7 $5 {[%cal Ra7a6]}) 16. Qxd3 Bd7 17. Rb4 a6 18. bxa6 bxa6 {next ...Bb5 is good for Black.} 19. Nd4 a5 20. Rb2 Rab8 21. Rfb1 Rxb2 22. Rxb2 Rb8 23. Qa6 {[#] Bd6 is the strong threat.} Rxb2 24. Bxb2 h6 25. c4 dxc4 26. Bc3 a4 27. e4 Qc5 28. Kf1 Kh7 29. Nc2 {[#]} (29. Kf2 $15) 29... Qb5 (29... Qg5 $1 $17 {[%cal Rg5c1]} 30. Ne1 Qc1 31. Qxc4 Kg8) 30. Qxb5 $11 Bxb5 {[%mdl 4096] Endgame KBN-KBN} 31. Na3 Ba6 32. Ke2 Ne8 33. Be5 f6 34. Bb8 g5 35. g3 Ng7 36. Kd2 {The position is equal.} Kg6 37. Kc3 Bb7 38. Nxc4 g4 39. fxg4 Bxe4 40. Kb4 Bc2 41. Nb2 f5 42. gxf5+ Nxf5 43. Nxa4 Bxa4 44. Kxa4 {KB-KN} Ne3 45. h3 h5 {[%cal Bh6h5,Bh5h4][%mdl 32]} 46. Bf4 h4 (46... Nd1 {seems wilder.} 47. Kb5 Nf2 48. h4 Kf5 49. Kc4 Kg4) 47. Bxe3 hxg3 48. Kb3 Kh5 49. Kc3 Kh4 50. Kd3 Kxh3 51. Ke4 {Precision: White = 33%, Black = 48%.} 1/2-1/2

[Event "Brugse Meesters 2017"]
[Site "Brugge"]
[Date "2017.08.15"]
[Round "5"]
[White "Varga, Zoltan"]
[Black "Czebe, Attila"]
[Result "1/2-1/2"]
[WhiteElo "2434"]
[BlackElo "2465"]
[Annotator "TA"]
[PlyCount "41"]
[EventDate "2017.??.??"]
[EventCountry "BEL"]
[SourceTitle "playchess.com"]
[Source "ChessBase"]
[SourceQuality "1"]

{[%evp 9,41,-13,-8,-16,-1,-6,5,-1,32,3,0,7,29,0,0,1,8,13,48,39,52,20,23,-10,1,-31,31,26,19,19,26,0,8,8]} 1. d4 Nf6 2. Bf4 g6 3. e3 Bg7 4. Nc3 (4. Nf3 d6 5. Be2 Nh5 6. Bg5 h6 7. Bh4 g5 8. Nfd2 Nf4 9. exf4 gxh4 10. c3 c5 11. dxc5 dxc5 12. Na3 O-O 13. O-O {1-0 (62) Carlsen,M (2832)-Vachier Lagrave,M (2796) Paris 2017}) 4... O-O 5. Qd2 d5 6. h3 $146 {A45: Trompowsky Attack} ({Predecessor:} 6. Nb5 c5 7. Nc7 Ne4 8. Qd1 g5 9. Be5 f6 10. f3 fxe5 11. Nxa8 exd4 {0-1 (18) Maylott,P (1913)-Schmidt,H (2189) ICCF email 2013}) 6... Nbd7 (6... c5 $5) 7. Nf3 a6 8. Ne5 c6 (8... c5 {with more complications.} 9. O-O-O e6 10. g4 b5 11. f3 Bb7) 9. Be2 Nxe5 10. Bxe5 Bh6 11. O-O b6 12. Rfe1 Nd7 13. Bf4 Bg7 14. e4 e6 15. Bd6 Re8 16. e5 c5 17. f4 Qh4 (17... cxd4 $15 18. Na4 (18. Qxd4 Nxe5 19. Bxe5 f6 $15) 18... Bb7) 18. Bf3 Bb7 19. Ne2 cxd4 20. Qxd4 Rac8 21. c3 {Precision: White = 50%, Black = 43%.} 1/2-1/2

[Event "Brugse Meesters 2017"]
[Site "Brugge"]
[Date "2017.08.15"]
[Round "5"]
[White "Gonzales, Jayson"]
[Black "Peeters, Tim"]
[Result "1-0"]
[WhiteElo "2378"]
[BlackElo "2052"]
[Annotator "TA"]
[PlyCount "93"]
[EventDate "2017.??.??"]
[EventCountry "BEL"]
[SourceTitle "playchess.com"]
[Source "ChessBase"]
[SourceQuality "1"]

{[%evp 16,93,25,27,84,11,32,31,25,10,6,11,11,13,20,17,9,2,12,22,25,0,0,6,19,27,26,17,17,22,27,18,18,0,3,10,71,0,0,6,54,58,52,59,60,65,77,65,77,77,136,137,136,135,139,147,151,123,141,158,134,138,151,140,183,204,764,760,741,637,684,498,485,458,465,454,566,540,565,587]} 1. c4 e5 2. g3 Nf6 3. Bg2 Nc6 4. Nc3 Bb4 5. Nf3 O-O 6. O-O d6 7. Nd5 Nxd5 {A29: English Opening: Four Knights Variation with 4 g3} (7... Bc5 8. d3 Nxd5 9. cxd5 Nd4 10. Nxd4 Bxd4 11. e3 Bb6 12. Bd2 Bd7 13. Rc1 a5 14. Bc3 f5 15. Kh1 Qe7 16. Qd2 a4 17. Rce1 Rae8 18. Ba5 Bxa5 19. Qxa5 {½-½ (36) Duda,J (2693)-Wojtaszek,R (2734) Chartres 2017}) 8. cxd5 Ne7 9. d4 {LiveBook: 4 Games} Nxd5 (9... exd4 $11 10. Nxd4 Bc5) 10. a3 $146 (10. Qb3 $16 e4 11. Bg5 (11. Qxd5 exf3 12. Bxf3 c6 $11)) ({Predecessor:} 10. dxe5 dxe5 11. Nxe5 Be6 12. Nd3 Be7 13. Bd2 c6 14. Qc2 Qb6 15. b4 {0-1 (40) Ruiz Carballido,D-Corujedo Hernandez,R Cuba 1998}) 10... Ba5 11. dxe5 dxe5 12. Nxe5 c6 13. e4 Nf6 14. Qc2 Qe7 15. Nc4 Bc7 16. Bg5 {Black must now prevent e5!} h6 17. Bd2 {[%cal Bg5d2,Bd2b4,Bb4e7][%mdl 32]} Re8 18. Rfe1 Be6 19. Ne3 Rad8 20. Bb4 Qd7 $1 21. Rad1 Qc8 22. Rxd8 Rxd8 23. Be7 Rd7 24. Bc5 (24. Bxf6 $5 gxf6 25. Bf1 $11) 24... Qd8 25. Bxa7 Rd2 (25... Bxg3 $11 26. hxg3 Qa5) 26. Qc1 (26. Rd1 $16 Rd7 27. Rxd7 Qxd7 28. Nf5) 26... Be5 $11 27. Rd1 $36 {[%mdl 2048] Black is under pressure.} Rxd1+ (27... Rd7 {feels hotter.} 28. Rxd7 Nxd7 29. Qd2 Qc7 30. f4 b6) 28. Qxd1 Qxd1+ 29. Nxd1 Bb3 30. Nc3 Bc2 31. f3 g5 32. Kf2 g4 {[#]} ({Better is} 32... Ne8) 33. Ke3 $1 $16 gxf3 34. Bxf3 Kg7 35. Bd4 Nd7 36. Bg4 Bxd4+ 37. Kxd4 {[%mdl 4096] Endgame KBN-KBN} c5+ 38. Ke3 Ne5 39. Be2 Bb3 40. Nb5 Nc4+ $2 {[#]} (40... Be6 41. Nd6 b6 42. Nf5+ Kg6) 41. Bxc4 $1 $18 {White is clearly winning.} Bxc4 {KB-KN} 42. Nd6 $1 {[%csl LRb7,LRc4]} Ba6 43. a4 Kf6 44. Kf4 b6 45. Nf5 h5 46. Ne3 b5 47. Nd5+ {Precision: White = 74%, Black = 48%.} 1-0

[Event "Brugse Meesters 2017"]
[Site "Brugge"]
[Date "2017.08.15"]
[Round "5"]
[White "Carstensen, Jacob"]
[Black "Beerdsen, Thomas"]
[Result "1/2-1/2"]
[WhiteElo "2353"]
[BlackElo "2447"]
[Annotator "TA"]
[PlyCount "125"]
[EventDate "2017.??.??"]
[EventCountry "BEL"]
[SourceTitle "playchess.com"]
[Source "ChessBase"]
[SourceQuality "1"]

{[%evp 16,125,0,1,78,63,85,72,72,-4,0,0,9,-13,20,27,20,22,25,20,25,-22,29,4,25,-12,-2,-28,0,-18,0,0,44,39,28,14,27,31,22,12,15,0,0,0,0,-43,-43,-43,-43,-43,-48,-41,-41,-36,-26,-75,-88,-81,-83,-89,-71,-82,-21,-22,-23,-23,-23,-23,-22,-21,-4,-8,0,0,0,-23,0,0,0,-18,-18,-19,-4,-20,-21,-27,-8,-30,0,0,0,-8,-8,-14,-12,-21,-28,-76,-29,-43,-10,-27,-8,-22,0,-8,0,-8,0,0,8,8]} 1. d4 Nf6 2. c4 {[%cal Bc2c4,Bc4c5][%mdl 32]} e6 3. Nc3 Bb4 4. e3 O-O 5. Nge2 d5 6. a3 Bd6 7. c5 Be7 8. b4 c6 {E46: Nimzo-Indian: Rubinstein: 4 e3 0-0 5 Ne2 without early Bd3} (8... b6 9. Bb2 a5 10. Nf4 axb4 11. axb4 Rxa1 12. Qxa1 Nc6 13. Nd3 bxc5 14. bxc5 Ne4 15. Be2 Bd7 16. f3 Nxc3 17. Bxc3 {½-½ (50) So,W (2779)-Topalov,V (2816) Saint Louis 2015}) 9. Ng3 {LiveBook: 12 Games} e5 $146 (9... b6 $11) ({Predecessor:} 9... a5 10. Bd2 e5 11. Be2 Nfd7 12. O-O Bf6 13. dxe5 Nxe5 14. Qc2 g6 15. f4 Ng4 16. h3 {0-1 (54) Hovhannisyan,M (2515)-Kveinys,A (2491) Charleroi 2015}) 10. dxe5 $16 Ng4 {White is slightly better.} 11. f4 Bh4 12. Qf3 (12. Be2 $16 h5 13. O-O) 12... f6 13. e6 $1 f5 14. Nce2 $1 Qf6 15. Nd4 Qg6 16. Kd2 $1 Bxe6 17. h3 $1 {[%cal Rh3g4]} Nh6 18. Nh5 Nd7 ({Better is} 18... Qf7 $1) 19. Bd3 {Threatening Bb2.} Qf7 20. Bb2 g6 21. Nxe6 (21. g4 $5 fxg4 22. hxg4 Bxg4 23. Qg2 $17) 21... Qxe6 22. g4 $1 {[%cal Rg4g5] next g5 is good for White.} Nf6 (22... a5 $5 {[%cal Ra5b4]}) 23. Kc2 {Hoping for Nxf6+.} fxg4 (23... a5 {with more complications.} 24. Nxf6+ Bxf6 25. Bxf6 Qxf6 26. g5 Qh8) 24. hxg4 Qxg4 25. Qxg4 Nhxg4 26. Rxh4 gxh5 27. Rg1 Kf7 28. Bxf6 Nxf6 29. Be2 Rg8 30. Rg5 Rxg5 31. fxg5 $15 {[%mdl 4096] [#] Endgame Threatens to win with Rf4. KRB-KRN} Ne4 32. Rxh5 Rh8 33. Rh6 Nxg5 34. Bh5+ Ke7 35. Bg6 Rf8 36. Bd3 Rf6 37. Rh4 h6 38. e4 Ke6 (38... Nxe4 $17 {Strongly threatening ...Ng5.} 39. Bxe4 dxe4 40. Rxe4+ Kf8) 39. exd5+ $11 Kxd5 40. Kc3 Ke5 41. a4 Ke6 42. Bc4+ Ke7 43. b5 Kd7 44. Kb4 Kc7 45. Rh1 Rg6 46. Bd3 Rf6 47. Bc4 Nf3 48. Rh5 Kd7 49. Rh1 Ne5 {White must now prevent ...Rf4.} 50. Rh4 Rg6 51. Rd4+ Ke7 52. Re4 Rg5 53. bxc6 bxc6 54. Be2 Kf6 55. Rd4 Rg2 56. Rd6+ Ke7 (56... Kg5 $5 {[%cal Rg2e2]} 57. Bd1 {[#]} a5+ $1 {[%mdl 512]} 58. Kc3 Rh2 $17) 57. Bf1 Rf2 58. Ba6 Rf6 59. Rd4 {The position is equal.} h5 60. Be2 Rf5 {And now ...Kf6 would win.} 61. Rh4 Kd8 62. Rxh5 Rxh5 63. Bxh5 {Precision: White = 55%, Black = 44%.} 1/2-1/2

[Event "Brugse Meesters 2017"]
[Site "Brugge"]
[Date "2017.08.15"]
[Round "5"]
[White "Pel, Bonno"]
[Black "Mueller, Martin"]
[Result "1-0"]
[WhiteElo "2255"]
[BlackElo "2111"]
[Annotator "TA"]
[PlyCount "71"]
[EventDate "2017.??.??"]
[EventCountry "BEL"]
[SourceTitle "playchess.com"]
[Source "ChessBase"]
[SourceQuality "1"]

{[%evp 14,71,-5,-1,0,-7,0,0,0,0,0,-34,-25,-29,-36,-41,-22,-22,-2,-41,-25,-31,-14,-32,-3,-20,0,-13,0,0,22,9,33,32,21,27,42,30,60,59,68,61,229,218,200,197,227,174,285,302,293,300,343,314,349,319,607,604,1741,1592]} 1. g3 e5 2. Bg2 d5 3. d3 Nf6 4. Nf3 Bd6 5. O-O O-O 6. Nc3 c6 7. e4 dxe4 8. dxe4 {LiveBook: 44 Games} h6 {A00: Irregular Openings} (8... Bc7 9. Qe2 Qe7 10. Nh4 Na6 11. Nf5 Bxf5 12. exf5 h6 13. g4 Nc5 14. h4 e4 15. g5 Nd5 16. Nxd5 cxd5 {0-1 (40) Khismatullin,D (2654)-Maletin,P (2577) Khanty-Mansiysk 2015}) 9. h3 a5 $146 ({Predecessor:} 9... Qe7 10. Nh4 Be6 11. f4 exf4 12. gxf4 Bc5+ 13. Kh2 Ng4+ 14. Kg3 Nf6 15. Qe2 Na6 16. f5 Bc8 17. e5 Nd7 18. Bf4 Bd4 19. f6 gxf6 20. Nf5 {1-0 (20) Mihalka,Z (2211)-Botragyi,T (2144) Hungary 2010}) 10. Nh4 Be6 {The position is equal.} 11. Qf3 Nbd7 12. Nd1 Re8 13. Nf5 Bf8 14. g4 Nh7 15. Qg3 a4 {[%cal Ba5a4,Ba4a3][%mdl 32]} 16. Kh1 Nc5 (16... a3 $5) 17. Rg1 a3 18. b3 f6 19. f3 Ng5 20. Be3 Nf7 21. Qf2 b6 22. Nc3 Qc7 23. Bf1 Nd7 24. Na4 {[%cal Ra4b6]} b5 25. Nc3 {[%cal Ba4c3,Bc3e2,Be2g3,Bg3h5][%mdl 32]} Bb4 26. Ne2 $1 Ba5 27. Neg3 {Nh5 is the strong threat.} Bb6 $2 {[#]} (27... g6 $14) 28. Nh5 Bxe3 29. Qxe3 g5 30. Rd1 {Black must now prevent Rxd7!} Qd8 (30... Red8 {was worth a try.} 31. Rxd7 Bxd7) 31. c4 $18 {[%cal Bc2c4,Bc4c5][%mdl 32]} b4 32. c5 Ra7 33. Rg2 {[%cal Bg1g2,Bg2d2,Bd2d7][%mdl 32]} Kh7 34. Rgd2 ({Don't take} 34. Nhg7 Bxf5 35. Nxe8 Bxg4 $18) 34... Bxf5 $2 (34... Kg6 35. Nhg7 Bxf5) 35. gxf5 Qe7 {[#]} 36. Rxd7 $1 {[%mdl 512] Precision: White = 74%, Black = 22%.} 1-0